000 00201nam a22001097a 4500
100 _aGorky, Maxim
245 _aMother
250 _a2013
260 _bMahaveer Pub
300 _a391
942 _2ddc
_cBK
999 _c12187
_d12187